日本大学の学科 - Statistics

General Stats
  • This quiz has been taken 3 times
  • The average score is 31 of 84
Answer Stats
Hint Answer % Correct
文理学部 地理学科
100%
文理学部 地球科学科
100%
文理学部 物理学科
100%
文理学部 生命科学科
100%
文理学部 化学科
100%
経済学部 経済学科
100%
商学部 商業学科
100%
藝術学部 音楽学科
100%
危機管理学部 危機管理学科
100%
理工学部 土木工学科
100%
理工学部 建築学科
100%
理工学部 機械工学科
100%
理工学部 物理学科
100%
生産工学部 機械工学科
100%
生産工学部 土木工学科
100%
工学部 土木工学科
100%
工学部 建築学科
100%
工学部 機械工学科
100%
医学部 医学科
100%
歯学部 歯学科
100%
松戸歯学部 歯学科
100%
薬学部 薬学科
100%
法学部 法律学科
50%
法学部 経営法学科
50%
文理学部 史学科
50%
文理学部 中国語中国文化学科
50%
文理学部 英文学科
50%
文理学部 社会学科
50%
文理学部 教育学科
50%
文理学部 心理学科
50%
文理学部 情報科学科
50%
商学部 経営学科
50%
藝術学部 美術学科
50%
藝術学部 文芸学科
50%
藝術学部 デザイン学科
50%
工学部 情報工学科
50%
生物資源科学部 海洋生物学科
50%
生物資源科学部 環境学科
50%
生物資源科学部 獣医学科
50%
法学部 政治経済学科
0%
法学部 新聞学科
0%
法学部 公共政策学科
0%
文理学部 哲学科
0%
文理学部 国文学科
0%
文理学部 ドイツ文学科
0%
文理学部 社会福祉学科
0%
文理学部 体育学科
0%
文理学部 数学科
0%
経済学部 産業経営学科
0%
経済学部 金融公共経済学科
0%
商学部 会計学科
0%
藝術学部 写真学科
0%
藝術学部 映画学科
0%
藝術学部 演劇学科
0%
藝術学部 放送学科
0%
国際関係学部 国際総合政策学科
0%
国際関係学部 国際教養学科
0%
スポーツ科学部 競技スポーツ学科
0%
理工学部 交通システム工学科
0%
理工学部 海洋建築工学科
0%
理工学部 まちづくり工学科
0%
理工学部 精密機械工学科
0%
理工学部 航空宇宙工学科
0%
理工学部 電気工学科
0%
理工学部 応用情報工学科
0%
理工学部 物質応用工学科
0%
理工学部 数学科
0%
生産工学部 マネジメント工学科
0%
生産工学部 環境安全工学科
0%
生産工学部 創生デザイン工学科
0%
生産工学部 電気電子工学科
0%
生産工学部 建築工学科
0%
生産工学部 応用分子工学科
0%
生産工学部 数理情報工学科
0%
工学部 電気電子工学科
0%
工学部 生命応用化学科
0%
生物資源科学部 バイオサイエンス学科
0%
生物資源科学部 動物学科
0%
生物資源科学部 森林学科
0%
生物資源科学部 アグリサイエンス学科
0%
生物資源科学部 食品開発学科
0%
生物資源科学部 食品ビジネス学科
0%
生物資源科学部 国際共生学科
0%
生物資源科学部 獣医保健看護学科
0%
No matching quizzes found
Score Distribution
Percent of People with Each Score
Percentile by Number Answered
Your Score History
You have not taken this quiz